| 000 | 00731nam a2200229 a 4500 | ||
|---|---|---|---|
| 001 | BRCA_2856 | ||
| 005 | 20190320204012.0 | ||
| 008 | 101208s1867----fr-a---###---#000-0#fre-u | ||
| 050 | 4 |
_aF1211.A4 _b.A47 _c1867 |
|
| 100 | 1 |
_aAmpére, Jean Jacques Antoine _d1800-1864 _97981 |
|
| 245 | 1 | 0 |
_aPromenade en Amérique _bÉtats Unis-Cuba-Mexique _cpar J. J. Ampére. |
| 260 |
_aParis _bM. Lévy Fréres _c1867 |
||
| 300 |
_a2 v. _bil. _c22 cm. |
||
| 500 | _aIncluye tabla de materias. | ||
| 500 | _aB11 | ||
| 650 | 1 | 4 |
_aViajeros franceses _97982 |
| 651 | 4 |
_aCuba _xDescripción y viajes _97983 |
|
| 651 | 4 |
_aMéxico _xDescripción y viajes _9103 |
|
| 651 | 4 |
_aEstados Unidos _xDescripción y viajes _97984 |
|
| 902 | _aGFM | ||
| 942 |
_2lcc _cB |
||
| 999 |
_c2595 _d2595 |
||